Rice in the tropics : (Record no. 21380)

000 -LEADER
fixed length control field 00578cam a2200193 i 4500
020 ## - INTERNATIONAL STANDARD BOOK NUMBER
ISBN 0891583610 :
-- 0891583629
040 ## - CATALOGING SOURCE
Transcribing agency DLC
082 00 - DEWEY DECIMAL CLASSIFICATION NUMBER
Classification number 338 RIC 1979 C077 Or.
100 1# - MAIN ENTRY--AUTHOR NAME
Personal name Chandler, Robert F.
245 10 - TITLE STATEMENT
Title Rice in the tropics :
Remainder of title a guide to the development of national programs /
260 ## - PUBLICATION, DISTRIBUTION, ETC. (IMPRINT)
Place of publication Boulder, Colo. :
Name of publisher Westview Press,
Year of publication 1979.
300 ## - PHYSICAL DESCRIPTION
Number of Pages xix, 256 p. :
Other physical details ill. ;
Dimensions 24 cm.
490 1# - SERIES STATEMENT
Series statement IADS development-oriented literature series
500 ## - GENERAL NOTE
General note Includes index.
650 #0 - SUBJECT ADDED ENTRY--TOPICAL TERM
Topical Term Rice.
650 #0 - SUBJECT ADDED ENTRY--TOPICAL TERM
Topical Term Agriculture and state.
650 #0 - SUBJECT ADDED ENTRY--TOPICAL TERM
Topical Term Rice
942 ## - ADDED ENTRY ELEMENTS (KOHA)
Koha item type ADB
952 ## - LOCATION AND ITEM INFORMATION (KOHA)
Withdrawn status [LOCAL, KOHA] 0
Holdings
Permanent Location Date acquired Koha item type Lost status Shelving location Barcode Current Location Full call number
Library Block C2023-05-26ADB C077a071162Library Block C338 RIC 1979 C077 Or.
មជ្ឈមណ្ឌលឯការនៃសាកលវិទ្យាល័យភូមិន្ទកសិកម្មចំការដូង

Powered by Koha